| 000 | 00601nam a2200181 i 4500 | ||
|---|---|---|---|
| 001 | 100047 | ||
| 003 | ES-MaACL | ||
| 005 | 20250915063042.0 | ||
| 007 | t| | ||
| 008 | 050921s1952 sp ||||1| spa d | ||
| 100 | 1 |
_aMartínez Val, José María, _d1916- _978455 |
|
| 245 | 1 | 4 |
_aLos derechos de la persona en las instituciones de la postguerra / _cJosé María Martínez Val. |
| 260 |
_aCiudad Real : _bInstituto de Estudios Manchegos, _c1952. |
||
| 300 |
_a34 p. ; _c21 cm. |
||
| 710 | 2 |
_aInstituto de Estudios Manchegos. _94919 |
|
| 852 |
_aES-MaACL _j1935-F-10 _bR.32659 |
||
| 999 |
_c100047 _d100047 |
||